书目信息 |
| 题名: |
中国法院能动司法机制研究
|
|
| 作者: | 张榕 著 | |
| 分册: | ||
| 出版信息: | 北京 中国政法大学出版社 2015 |
|
| 页数: | 238页 | |
| 开本: | 23cm | |
| 丛书名: | ||
| 单 册: | ||
| 中图分类: | D926.04 | |
| 科图分类: | ||
| 主题词: | 司法制度--si fa zhi du--研究--中国 | |
| 电子资源: | ||
| ISBN: | 978-7-5620-6085-7 | |
| 000 | 00969nam0 22002411 450 | |
| 001 | 1730306614 | |
| 005 | 20170525101515.0 | |
| 010 | @a978-7-5620-6085-7@dCNY39.00 | |
| 100 | @a20150731d2015 em y0chiy50 ea | |
| 101 | 0 | @achi |
| 102 | @aCN@b110000 | |
| 105 | @ay z 000yy | |
| 106 | @ar | |
| 200 | 1 | @a中国法院能动司法机制研究@Azhong guo fa yuan neng dong si fa ji zhi yan jiu@f张榕著 |
| 210 | @a北京@c中国政法大学出版社@d2015 | |
| 215 | @a238页@d23cm | |
| 300 | @a教育部人文社会科学研究项目《中国法院能动司法机制研究》资助 | |
| 330 | @a本书由能动司法与司法能动主义、最高人民法院能动司法的模式及路径、地方各级人民法院之能动司法实践、我国法院司法机制的优化四章构成,主要内容包括:我国能动司法发展之进路、司法能动主义之实践与争议、能动司法与司法能动主义之比较等。 | |
| 606 | 0 | @a司法制度@Asi fa zhi du@x研究@y中国 |
| 690 | @aD926.04@v5 | |
| 701 | 0 | @a张榕@Azhang rong@f(1964~)@4著 |
| 801 | 0 | @aCN@bTANG WEI@c20170523 |
| 905 | @b0969078-82@dD926.04@e706@f5 | |
| 中国法院能动司法机制研究/张榕著 .-北京:中国政法大学出版社,2015 |
| 238页;23cm |
| 教育部人文社会科学研究项目《中国法院能动司法机制研究》资助 |
| ISBN 978-7-5620-6085-7:CNY39.00 |
| 本书由能动司法与司法能动主义、最高人民法院能动司法的模式及路径、地方各级人民法院之能动司法实践、我国法院司法机制的优化四章构成,主要内容包括:我国能动司法发展之进路、司法能动主义之实践与争议、能动司法与司法能动主义之比较等。 |
| ● |
| 相关链接 |
|
|
|
|
正题名:中国法院能动司法机制研究
索取号:D926.04/706
 
预约/预借
| 序号 | 登录号 | 条形码 | 馆藏地/架位号 | 状态 | 备注 |
| 1 | 0969078 | 209690789 | 第一样本阅览室/ [索取号:D926.04/706] | 在馆 | |
| 2 | 0969079 | 209690798 | 密集书库-史法系/ [索取号:D926.04/706] | 在馆 | |
| 3 | 0969080 | 209690805 | 第一借阅区/ [索取号:D926.04/706] | 在馆 | |
| 4 | 0969081 | 209690814 | 第一借阅区/ [索取号:D926.04/706] | 在馆 | |
| 5 | 0969082 | 209690823 | 密集书库-史法系/ [索取号:D926.04/706] | 在馆 |